| 000 | 00799nam a22002657a 4500 | ||
|---|---|---|---|
| 005 | 20231010121950.0 | ||
| 008 | 190613b2006 xxu||||| |||| 00| 0 spa d | ||
| 020 | _a9789688607824 | ||
| 041 | _aESP | ||
| 082 | _a306.872 M385a | ||
| 100 |
_aMartínez, Jesús Miguel _954413 |
||
| 245 | _aAmores que duran... y duran... y duran: claves para superar las creencias destructivas que separan a las parejas | ||
| 260 | _aMéxico | ||
| 260 | _bPax | ||
| 260 | _c2006 | ||
| 300 | _a296 páginas | ||
| 650 | _aRELACIÓN ESPOSO-ESPOSA | ||
| 650 | _aRELACIONES DE PAREJA | ||
| 650 | _aCREENCIA DISFUNCIONAL | ||
| 650 | _aELEGIR PAREJA | ||
| 650 | _aCONSOLIDACIÓN DE LA PAREJA | ||
| 650 | _aSEPARACIÓN | ||
| 650 | _aPSICOTERAPIA | ||
| 942 |
_cBK _2ddc |
||
| 999 |
_c12072 _d12072 |
||